000 00639cam a22002171 4500
001 sa 63004053
003 DLC
005 20260227111946.0
008 861113s1961 ii a 000 0 eng
010 _asa 63004053
025 _aPL480:I-E-2053
035 _a(OCoLC)14705874
040 _aDLC
_cWaU
_dWaU
_dDLC
042 _apremarc
050 0 0 _aHF3786
_b.I48
110 2 _aIndian Chamber of Commerce (India).
_bWorld Trade Department.
245 1 0 _aIndia's export trade with the U.K. and West Europe.
260 _aCalcutta,
_bOxford Book & Stationery Co.,
_c1961.
300 _a64 p.
_btables.
_c22 cm.
651 0 _aIndia
_xCommerce.
999 _c55449
_d55449